MARC details
| 000 -LEADER |
| fixed length control field |
02986cad a22003375a 4500 |
| 001 - CONTROL NUMBER |
| control field |
L147909 |
| 008 - FIXED-LENGTH DATA ELEMENTS--GENERAL INFORMATION |
| fixed length control field |
090701s2009 xxk f 000 0 eng d |
| 020 ## - INTERNATIONAL STANDARD BOOK NUMBER |
| International Standard Book Number |
9781409815327 |
| 035 ## - SYSTEM CONTROL NUMBER |
| System control number |
(Sirsi) u147909 |
| 041 0# - LANGUAGE CODE |
| Language code of text/sound track or separate title |
eng |
| 050 04 - LIBRARY OF CONGRESS CALL NUMBER |
| Classification number |
692.2 $2 18 |
| 110 2# - MAIN ENTRY--CORPORATE NAME |
| Corporate name or jurisdiction name as entry element |
United Kingdom |
| Subordinate unit |
Department for Communities and Local Government |
| 9 (RLIN) |
4939 |
| 245 00 - TITLE STATEMENT |
| Title |
Proposals for amending Part L and Part F of the Building Regulations |
| Remainder of title |
consultation |
| Medium |
[electronic resource] |
| 260 ## - PUBLICATION, DISTRIBUTION, ETC. |
| Place of publication, distribution, etc. |
London |
| Name of publisher, distributor, etc. |
DCLG |
| Date of publication, distribution, etc. |
2009 |
| 505 2# - FORMATTED CONTENTS NOTE |
| Formatted contents note |
Volume 1, proposals for amending Part L and Part F of the Building Regulations -- Summary of consultation -- Introduction -- Proposals for improving compliance and building performance -- Proposals for Accredited Construction Details (ACD) -- Training and dissemination strategy -- Future thinking paper -- Annex A: consultation criteria -- Annex B: consultation stage impact -- Annex C: response form |
| 505 2# - FORMATTED CONTENTS NOTE |
| Formatted contents note |
Volume 2, proposed technical guidance for Part L -- Proposed new edition of approved Document L1A for construction of new dwellings -- Proposed new edition of Approved Document L1B for work in existing dwellings -- Proposed new edition of Approved Document L2A for construction of new buildings other than dwellings -- Proposed new edition of Approved Document L2B for work in existing buildings other than dwellings -- Proposed changes to the National Calculation Methodology -- Proposed Domestic Building Services Compliance Guide -- Proposed Non-Domestic Building Services Compliance Guide |
| 505 2# - FORMATTED CONTENTS NOTE |
| Formatted contents note |
Volume 3, proposed technical guidance for Part F -- Proposed new edition of Approved Document F: means of ventilation -- Proposed domestic ventilation installation and Commissioning Compliance Guide |
| 520 ## - SUMMARY, ETC. |
| Summary, etc. |
Seeks views on the proposed changes to Part L (Conservation of Fuel and Power) and Part F (Means of Ventilation) of the Building Regulations that are planned to come into force in 2010. Also proposes other measures designed to improve compliance and performance in buildings, including a strategy for training and dissemination. Document presented in three volumes, all available to download on the website. |
| 520 ## - SUMMARY, ETC. |
| Summary, etc. |
Deadline for comments is 17 September 2009. |
| 590 ## - LOCAL NOTE (RLIN) |
| Local note |
KA NTK |
| 650 24 - SUBJECT ADDED ENTRY--TOPICAL TERM |
| Topical term or geographic name entry element |
BUILDING REGULATIONS 2000 APPROVED DOCUMENT F (2006 EDITION) |
| 650 24 - SUBJECT ADDED ENTRY--TOPICAL TERM |
| Topical term or geographic name entry element |
BUILDING REGULATIONS 2000 APPROVED DOCUMENT L1A (2006 EDITION) |
| 650 24 - SUBJECT ADDED ENTRY--TOPICAL TERM |
| Topical term or geographic name entry element |
BUILDING REGULATIONS 2000 APPROVED DOCUMENT L2A (2006 EDITION) |
| 650 24 - SUBJECT ADDED ENTRY--TOPICAL TERM |
| Topical term or geographic name entry element |
BUILDING REGULATIONS 2000 APPROVED DOCUMENT L1B (2006 EDITION) |
| 650 24 - SUBJECT ADDED ENTRY--TOPICAL TERM |
| Topical term or geographic name entry element |
BUILDING REGULATIONS 2000 APPROVED DOCUMENT L2B (2006 EDITION) |
| 651 #4 - SUBJECT ADDED ENTRY--GEOGRAPHIC NAME |
| Geographic name |
England and Wales |
| Chronological subdivision |
1543- |
| 690 ## - LOCAL SUBJECT ADDED ENTRY--TOPICAL TERM (OCLC, RLIN) |
| Topical term or geographic name as entry element |
Building regulations |
| 9 (RLIN) |
6224 |
| 690 ## - LOCAL SUBJECT ADDED ENTRY--TOPICAL TERM (OCLC, RLIN) |
| Topical term or geographic name as entry element |
ENVIRONMENTAL AND LAND CONSULTANCY-ENERGY-ENERGY USE-ENERGY EFFICIENCY |
| 856 40 - ELECTRONIC LOCATION AND ACCESS |
| Uniform Resource Identifier |
<a href="https://www.communities.gov.uk/publications/planningandbuilding/partlf2010consultation">https://www.communities.gov.uk/publications/planningandbuilding/partlf2010consultation</a> |
| Public note |
View the consultation free of charge at www.communities.gov.uk... |
| 942 ## - ADDED ENTRY ELEMENTS (KOHA) |
| Suppress in OPAC |
0 |